01082 2200253 4500001002100000005001500021035002000036007000300056008004100059020001800100082001000118084001600128100003400144245009000178300003000268650002100298650001700319520035800336264004400694336002100738337003000759338002300789990001600812INLIS00000000000025320260420111706 a0010-0426000252ta260420 g 0 ind  a9786020275178 a005.1 a005.1 IR. m0 aIr. Yuniar SupardiePengarang1 aMudah dan cepat membuat program skripsi dengan VB 2012 /cPenulis, Ir. Yuniar Supardi a179 :bilustrasi ;c21 cm 4aProgram komputer 4avisual basic aBuku ini merupakan panduan praktis bagi mahasiswa atau pemula untuk menyusun Skripsi atau Tugas Akhir (TA) menggunakan bahasa pemrograman Visual Basic 2012 (atau VB 2010). Materi yang dibahas meliputi proses instalasi Visual Studio, analisis dan perancangan sistem, pembuatan database (MySQL), hingga perancangan form, report, menu, dan sistem password. aJakarta :bElek Media Komputindo,c2015 2rdacontentaTeks 2rdamediaaTanpa Perantara 2rdacarrieravolume aPP000420/19